| 000 | 01522nam a2200349 a 4500 | ||
|---|---|---|---|
| 001 | vtls002012759 | ||
| 003 | NLI | ||
| 005 | 20210630170735.0 | ||
| 008 | 180727s2011 ii a g 000 0 ben c | ||
| 020 |
_a9788177569834 _cRs.350.00 |
||
| 039 | 9 |
_a201807271406 _bprasenjits _c201807271402 _dprasenjits _c201807271401 _dprasenjits _c201807271359 _dprasenjits _y201807271358 _zprasenjits |
|
| 040 |
_aNLI _bben _cBengali Div _eAACR2 |
||
| 041 | 0 | _aben | |
| 044 | _aii | ||
| 082 | 0 | 4 |
_a759.954 _223 |
| 100 | 1 |
_6880-01 _aবন্দ্যোপাধ্যায়, প্রভাতমোহন, _d1904-1987 _91343215 |
|
| 245 | 1 | 0 |
_6880-02 _aচিত্রে প্রাচীন ভারত/ _cপ্রভাতমোহন বন্দ্যোপাধ্যায় |
| 260 |
_aকলকাতা : _bআনন্দ, _c2011 |
||
| 300 |
_a71 p. : _bcol. ill. ; _c27 cm. |
||
| 500 | _aPaintings and other art objects from India's history. | ||
| 650 | 0 |
_aArt _zIndia _xHistory _9878738 |
|
| 650 | 0 |
_aPainting, Indic _xHistory _91343216 |
|
| 880 | 1 |
_6100-01(B _aBandyopādhyāy, Prabhātmohan, _d1904-1987 |
|
| 880 | 1 | 0 |
_6245-02(B _aCitre prācīn Bhārat / _cPrabhātmohan Bandyopādhyāy |
| 887 | _aPrasenjit1 | ||
| 901 |
_a79245 : _b30.1.2012 |
||
| 902 | _aB 759.954 V 498 | ||
| 904 | _aPrasenjit1 | ||
| 949 |
_AVIRTUAITEM _D10000 _X100 _6DBA000079245BEN _e79245 |
||
| 942 |
_2ddc _cBKS |
||
| 999 |
_aVIRTUA40 _c1432011 _d1432011 |
||
| 999 | _aVTLSSORT0080*0200*0400*0410*0440*0820*1000*2450*2600*3000*5000*6500*6501*8800*8801*9010*9020*9040*9992 | ||